Introduction to modern statistical quality control and management

Bibliographic Details
Main Author: Swift, J.A
Format: Book
Published: Florida : St.Lucie Press , 1995
Subjects:

MARC

LEADER 00000cam a2200000 7i4500
001 0000008733
005 20011028.0
020 |a 1884015506 
090 0 0 |a 658.562   |b SWI 
100 1 |a Swift, J.A 
245 1 0 |a Introduction to modern statistical quality control and management   |c J.A. Swift 
260 |a Florida :   |b St.Lucie Press ,   |c 1995 
300 |a 347p. ;   |c 28cm. 
650 0 0 |a Quality assurance   |x Standards 
650 0 0 |a Quality control   |x Statistical methods 
650 0 0 |a Total quality management 
999 |a 052787   |b BUKU   |c PINJAMAN   |e PERPUSTAKAAN KOMUNITI PETALING JAYA